000 00453nam a22001697a 4500
999 _c869
_d869
008 191227b ||||| |||| 00| 0 eng d
082 0 0 _a536.2
_bJ258
100 _9419
_aJakob, Max.
245 1 0 _aElements of heat transfer and insulation
_cby Max. Jakob
250 _a2nd ed.
260 _aNewYork
_bJohn wiley & sons
_c1950
300 _axvi, 230 p.
365 _b16
_d16.00
650 0 _aHeat Transmission
700 _9421
_aHawkins, G. A.
942 _cBK